| 000 | 01218cad a22002655a 4500 | ||
|---|---|---|---|
| 001 | E149198 | ||
| 008 | 100129s2010 xxk f s000 0 eng d | ||
| 020 | _a9780755978076 | ||
| 022 | 1 | _a0950-2254 | |
| 035 | _a(Sirsi) u149198 | ||
| 041 | 0 | _aeng | |
| 110 | 2 |
_aCambridge Architectural Research Ltd. _93494 |
|
| 245 | 0 | 0 |
_aModelling greenhouse gas emissions from Scottish housing _bmanual and model _h[electronic resource] |
| 260 |
_aEdinburgh _bScottish Government Social Research _c2010 |
||
| 520 | _aA manual for the use of the Domestic Energy Model for Scotland (DEMScot), which shows the impact of different upgrade measures on greenhouse gas emissions from Scottish housing. See also E148600, which describes how the model works and the assumptions that underpin the model. | ||
| 521 | _aAdvanced | ||
| 590 | _aKA | ||
| 651 | 4 |
_aScotland _y1999- |
|
| 690 | _aENVIRONMENTAL AND LAND CONSULTANCY-ENERGY-ENERGY USE-ENERGY EFFICIENCY | ||
| 710 | 1 |
_aCambridge Econometrics _92154 |
|
| 710 | 1 | _aAlembic Research | |
| 710 | 1 | _aRoger Talbot & Associates Ltd | |
| 856 | 4 | 0 |
_uhttps://www.scotland.gov.uk/Publications/2010/01/27160142/0 _zView the publication free of charge at www.scotland.gov.uk... |
| 942 | _n0 | ||
| 999 |
_c110405 _d110405 |
||